|
|
|
|
| LEADER |
00000cam a2200000 4500 |
| 001 |
vtls012152272 |
| 003 |
SK-MaSNL |
| 005 |
20260302025423.0 |
| 008 |
221019s2021 xo hoa g n 000 0 slo |
| 015 |
|
|
|a SNBA2023/03
|
| 020 |
|
|
|a 9788081980497
|q (viazané)
|
| 040 |
|
|
|a SNK
|b slo
|c SNK
|e rda
|
| 041 |
0 |
|
|a slo
|
| 044 |
|
|
|a xo
|c SK
|
| 072 |
|
7 |
|a 364
|x Sociálne problémy vyžadujúce podporu a pomoc. Sociálne zabezpečenie
|2 konspekt
|
| 072 |
|
7 |
|a 061.2
|x Nevládne organizácie a kooperácia
|2 konspekt
|
| 080 |
|
|
|a 364.682.42
|2 2011
|
| 080 |
|
|
|a (048.8)
|2 2011
|
| 080 |
|
|
|a 061.23
|2 2011
|
| 100 |
1 |
|
|a Bariak, Imrich,
|d 1962-
|4 aut
|9 109852
|
| 245 |
1 |
0 |
|a RESOTY Antona Srholca
|b 1991-2021
|c Imrich Bariak
|
| 250 |
|
|
|a Vydanie prvé
|
| 264 |
|
1 |
|a Prešov
|b Michal Vaško - Vydavateľstvo
|c 2021
|
| 300 |
|
|
|a 196 strán
|b faksimile, fotografie, grafy
|c 21 cm
|
| 336 |
|
|
|a text
|b txt
|2 rdacontent
|
| 337 |
|
|
|a bez média
|b n
|2 rdamedia
|
| 338 |
|
|
|a zväzok
|b nc
|2 rdacarrier
|
| 504 |
|
|
|a Obsahuje bibliografické odkazy
|
| 600 |
1 |
7 |
|a Srholec, Anton,
|d 1929-2016
|2 SNKMA
|9 119840
|
| 650 |
0 |
7 |
|a bezdomovectvo
|2 SNKPH
|9 92743
|
| 650 |
0 |
7 |
|a Homelessness
|2 SNKPHeng
|9 325583
|
| 650 |
0 |
7 |
|a občianske združenia
|2 SNKPH
|9 29132
|
| 650 |
0 |
7 |
|a Civil associations
|2 SNKPHeng
|9 266540
|
| 655 |
|
7 |
|a monografie
|2 SNKPH
|9 70139
|
| 655 |
|
7 |
|a Monographs
|2 SNKPHeng
|9 120675
|
| 919 |
|
|
|a 978-80-8198-049-7
|
| 954 |
|
|
|a odborná, vedecká literatúra pôvodná (slovenská)
|2 lita
|
| 958 |
|
|
|a NB
|
| 999 |
|
|
|c 1044113
|d 1046043
|
| 952 |
|
|
|a SNK
|b SNK
|y PREZ
|7 0
|p 17A1494643
|o snkSC 199564
|i snk2022/15821
|8 0
|0 0
|1 0
|4 0
|d 2022-10-19
|l 0
|r 2025-10-22 00:00:00
|w 2026-02-24
|
| 952 |
|
|
|a SNK
|b SNK
|y VYP
|7 0
|p 17A1494644
|o snkSC 199564 D1
|i snk2022/15822
|8 0
|0 0
|1 0
|4 0
|d 2022-10-19
|l 0
|r 2026-02-24 14:34:36
|w 2026-02-24
|